000 00804nas a2200277 4500
001 BR9504727
003 BR-BrBNA
005 20231205094136.0
007 ta
008 230509b bl.|||p| |||| 00| 00por d
040 _aBR-BrBNA
_bpor
_cBiblioteca Nacional de Agricultura
041 _a(Pt)
072 _aP06; K50
100 1 _aPaula, J.E. de
100 1 _aSilva Junior, F.G. da
245 1 _aAnatomia de madeiras indigenas com vistas a producao de energia e papel
650 _aMadeira
650 _aEnergia
650 _aPapel
650 _aBiomassa
650 _aCelulose
650 _aLignina
773 0 _tPesquisa Agropecuaria Brasileira (Brazil)
_xISSN 0100-204X
_g(Dec 1994), v. 29(12) p. 1807-1821
_wBR9504727
909 _a202311
_bLúcia
_c55
_dLúcia Elande
942 _2AGRIS
_n0
_cANA
999 _c142313
_d142313